01624nam a22003857a 4500003000500000005001700005008004100022010001000063011001000073035001000083040000900093090001000102100005300112245014300165260004000308300002200348502007500370590003700445590004100482590004100523590004100564590004100605590004100646590004200687650003300729650003400762650005000796901000700846942000900853949004300862949005500905999001700960952013300977952012801110CHAP20220329141022.0971013s1996 mx r 00010 spa d a61368 a62340 a66514 cCHAP aTesis00aVázquez Fernández, Serbando Rodolfo.912035110aAcumulación de forraje de una pradera de Brachiaria decumbens en la fase de establecimientoc/por Serbando Rodolfo Vázquez Fernández aChapingo, Méx. :bEl autor,c1996 a42 h. :bapénd. aTesis (Ing. Agr. Esp. en Zootecnia) -- UACH. Departamento de Zootecnia aALEPHb10c20130110lUCH01h1342 aBATCH-UPDb10c20130109lUCH01h2324 aBATCH-UPDb10c20130110lUCH01h0811 aBATCH-UPDb10c20130409lUCH01h1847 aBATCH-UPDb10c20130410lUCH01h0448 aBATCH-UPDb10c20130914lUCH01h0750 aCONVERSIONb10c20130109lUCH01h133314aBrachiaria decumbens.91492114aPastosxEspaciamiento.98602714aPastosxMateria secaxDeterminación.986059 aBK cFOLL bBCcTESd-151730eTS1h29804i66514si bBCcTESd33724000623666eTS2fc.2h29805i66514si c61368d61368 00102local4053708TESISaBCbBCcPA_TESISd2019-12-31fTESISl0p33724000623666r2019-12-31 00:00:00tc.2w2019-12-31yTESIS 00102local4051708TESISaBCbBCcPA_TESISd2019-12-31fTESISl0oTesisp-151730r2019-12-31 00:00:00w2019-12-31yTESIS